Amy Adams Movies - Sudden Death - Statistics

General Stats
  • This quiz has been taken 71 times
  • The average score is 6 of 17
Answers on the Grid
Answers color-coded by a green-red scale on the quiz's grid according to % correct below.
Arrival
Catch That Kid
Disenchanted
The Help
The Muppets
Drop Dead Gorgeous
The Fighter
Sunshine Cleaning
Night at the Museum: Secret of the Tomb
Interstellar
Doubt
Being Julia
Nightbitch
Leap Year
The Master
Lawless
Justice League
Jurassic World
Junebug
Rough Night
Hairspray
Nocturnal Animals
Wedding Crashers
Dear Evan Hansen
Julie & Julia
Anchorman
Bride Wars
Sharper
Batman v Superman: Dawn of Justice
The Witches
The Woman in the Window
W.
 
Answer Stats
Answer % Correct
Arrival
72%
Disenchanted
66%
The Muppets
52%
The Fighter
48%
Batman v Superman: Dawn of Justice
34%
Drop Dead Gorgeous
34%
Doubt
31%
Nightbitch
28%
Dear Evan Hansen
24%
Junebug
24%
Justice League
24%
Nocturnal Animals
24%
The Woman in the Window
24%
Julie & Julia
21%
Sunshine Cleaning
21%
Leap Year
17%
The Master
14%
No matching quizzes found
Score Distribution
Percent of People with Each Score
Percentile by Number Answered
Your Score History
You have not taken this quiz